Guess The Rock Artist By Album Cover: 9 - Statistics

General Stats
  • This quiz has been taken 36 times
  • The average score is 3 of 12
Answer Stats
Picture Answer % Correct
The Rolling Stones
60%
System Of A Down
46%
Creed
43%
Pearl Jam
37%
Steve Miller Band
31%
Kansas
20%
Rush
20%
Styx
20%
Van Halen
20%
CheVelle
17%
Genesis
9%
Jonny Lang
3%
No matching quizzes found
Score Distribution
Percent of People with Each Score
Percentile by Number Answered
Your Score History
You have not taken this quiz